LIBRARY & INFORMATION CENTRE, KCAET, TAVANUR

ONLINE PUBLIC ACCESS CATALOGUE (OPAC)

Spatial information technology for natural resource management / (Record no. 13379)

MARC details
000 -LEADER
fixed length control field 00535cam a2200193ua 4500
041 ## - LANGUAGE CODE
Language code of text/sound track or separate title eng
082 ## - DEWEY DECIMAL CLASSIFICATION NUMBER
Classification number 333.70954
Item number MOH/SP
100 ## - MAIN ENTRY--AUTHOR NAME
Personal name Mohammad, Noor .
245 00 - TITLE STATEMENT
Title Spatial information technology for natural resource management /
260 ## - PUBLICATION, DISTRIBUTION, ETC. (IMPRINT)
Place of publication New Delhi :
Name of publisher Concept Publishing Company ,
Year of publication 2007.
300 ## - PHYSICAL DESCRIPTION
Number of Pages 179 ; .
700 1# - ADDED ENTRY--PERSONAL NAME
Personal name Dutta, Anindita .
700 1# - ADDED ENTRY--PERSONAL NAME
Personal name Singh, R B .
942 ## - ADDED ENTRY ELEMENTS (KOHA)
Koha item type Books
Holdings
Withdrawn status Lost status Damaged status Home library Current library Date acquired Full call number Accession Number Koha item type
      KAUAET KAUAET 07/04/2012 333.70954 21464 Books
free website counter